Countries of Oceania by area smallest to biggest (Whammies - Statistics

General Stats
  • This quiz has been taken 15 times
  • The average score is 8 of 14
Answer Stats
Km2 Answer % Correct
21 Nauru
91%
7,692,024 Australia
73%
268,107 New Zealand
73%
28,896 Solomon Islands
73%
26 Tuvalu
73%
181 Marshall islands
64%
462,840 Papua New Guinea
64%
18,272 Fiji
55%
459 Palau
55%
702 Federated States of Micronesia
45%
726 Kiribati
45%
2,842 Samoa
36%
747 Tonga
36%
12,189 Vanuatu
36%
No matching quizzes found
Score Distribution
Percent of People with Each Score
Percentile by Number Answered
Your Score History
You have not taken this quiz